000 00303nam a2200121Ia 4500
008 220204s9999 xx 000 0 und d
082 _a301
_bGOO
100 _aGoode, William J
245 0 _aMethods in social research
260 _aNew Delhi
_bMcGraw Hill
_c1952
700 _aHatt, Paul K
942 _cBK
999 _c29607
_d29607